000 00861nam a2200157 a 4500
008 070424s2006 ||||||||||||||||| || u
050 _aTHESIS/STUDENT
100 _aMufichani, Pamela Chakwa
245 1 4 _aThe use of a special purpose vehicle as a tool for financing local authority roadworks: a case of Kitwe City Council
_cthesis by Pamela Chakwa Mufichani and supervised by Nalumino Akakandelwa
260 _aKitwe
_bCopperbelt University, School of Built Environment, Department of Real Estate
_c2006
300 _aviv;95p.; ill.
350 _a0.00
500 _athesis submitted in partial fulfilment for the award of Bachelor of Science degree in Land Economy
650 _aFINANCING -- ZAMBIA--ROADS
995 _D0.00
_FCBU-MAIN LIBRARY (Kitwe)
_H1
_I0.00
_M1
_UAVAILABLE
_WApr 24, 2007
_ZUniversity Collection
999 _c61108
_d61108